00607nam a2200193 a 450000100060000000300090000600800410001502000150005604000280007108200160009910000360011524500720015126000580022330000110028149000500029265000270034265000230036965000210039215640CO-ViMGA141112s2004 ck r 000 u spa d a9586166333 aCO-ViMGAbspacCO-ViMGA04a323.4 P373u1 aPerez Luño, Antonio - Enrique10aLa Universalidad de los derechos humanos y el Estado constitucional aBogotá, cUniversidad Externado de Colombia, c2002 a115.p. aTeoría jurídica y filosofía del derecho14aDERECHO CONSTITUCIONAL14aDERECHOS DE ESTADO14aDERECHOS HUMANOS